Judge Landis and twenty-five years of baseball.

Bibliographic Details
Main Author: Spink, J. G. Taylor (John George Taylor), 1888-
Format: Book
Language:English
Published: New York : T. Y. Crowell Co., [1947]
Subjects:

MARC

Tag First Indicator Second Indicator Subfields
LEADER 00000cam a2200000 4500
001 in00000033608
005 20151007061907.0
008 720404s1947 nyuc 00000beng u
010 |a  47003905  
035 |a (OCoLC)00275274 
035 |9 AAD3394AM 
040 |c CWR  |d OCL  |d TXA  |d UtOrBLW 
049 |a TXAM  |c 1 [146612]  |c 2 [415660] 
050 0 |a GV865.L3  |b S6 
092 |a 796.357  |b S757j 
100 1 |a Spink, J. G. Taylor  |q (John George Taylor),  |d 1888- 
245 1 0 |a Judge Landis and twenty-five years of baseball. 
264 1 |a New York :  |b T. Y. Crowell Co.,  |c [1947] 
300 |a x, 306 pages :  |b portraits ;  |c 21 cm. 
336 |a text  |b txt  |2 rdacontent 
337 |a unmediated  |b n  |2 rdamedia 
338 |a volume  |b nc  |2 rdacarrier 
600 1 0 |a Landis, Kenesaw Mountain,  |d 1866-1944. 
650 0 |a Baseball. 
999 |a MARS 
999 f f |s 80489487-d3e8-3db2-9351-d8678d2f7149  |i 47ebfc1a-5795-3dc6-b5f5-8c85d5772433  |t 0 
952 f f |p normal  |a Texas A&M University  |b College Station  |c Sterling C. Evans Library  |d Evans: Library Stacks  |t 0  |e GV865.L3 S6  |h Library of Congress classification  |i unmediated -- volume  |m A14801185575 
998 f f |a GV865.L3 S6  |t 0  |l Evans: Library Stacks